1512 1376 1748 1073 1970 1642 1168 1094 1816 1917 1801 1833 1359 1949 1653 1001 1887 1834 1327 1169 1784 1452 1125 1853 1922 1170 1741 1469 1460 1580 1693 1278 1961 1213 1018 1585 1194 1754 1584 1260 1376 1227 1432 1216 1113 1006 1378 1385 1396 1626 1981 1217 1248 1494 1578 1337 1184 1071 1261 1510 1083 1181 1801 1800 1163 1613 1636 1320 1802 1716 1569 1334 1617 1370 1694 1253 1396 1238 2000 1394 1463 1308 1837 1984 1442 1017 1752 1764 1758 1247 1014 1228 1934 1608 1504 1095 1009 1066 1031 BCNSPRNW ULIB Ver.6.0+V

เปลี่ยนเป็นภาษาไทย

Change to English
 แสดงรายละเอียดบรรณานุกรม
  กลับหน้าหลัก

Brief Record : Get Marc (ISO 2709) : E-mail record : QR code < ปิดหน้าต่าง
LEADER : 00000nam a2200000Ia 4500
001    13399120891
003     ULIB
008    121024s2541||||th 000 0 tha d
020    ^a9746617524
041 0  ^atha^beng
099    ^aวพ.WA546^bส162ป
100    ^a สดุดี ภูห้องไสย
245 10 ^aปัจจัยที่มีผลต่อพฤติกรรมส่งเสริมสุขภาพของนักเรียนชั้นมัธยมศึกษาตอนปลาย อำเภอเมือง จังหวัดขอนแก่น =^bFactors affecting health promoting behavior among high school students Muang District Khon Kaen Province /^cสดุดี ภูห้องไสย
246 31 ^aFactors affecting health promoting behavior among high school students Muang District Khon Kaen Province
260    ^a^c2541
300    ^aก-ญ, 226 แผ่น ;^c30 ซม.
502    ^aวิทยานิพนธ์ (วท.ม. (สาธารณสุขศาสตร์))--มหาวิทยาลัยมหิดล, 2541
610 24 ^aมหาวิทยาลัยมหิดล^xวิทยานิพนธ์
610 24 ^aมหาวิทยาลัยมหิดล. ^bคณะสาธารณสุขศาสตร์^xวิทยานิพนธ์
650  4 ^aการส่งเสริมสุขภาพ^zไทย^zขอนแก่น
650  4 ^aพฤติกรรมด้านสุขภาพ^xในวัยรุ่น
691    ^aวท.ม. (2541)
692    ^aอนามัยครอบครัว (มหาวิทยาลัยมหิดล 2541)
700 0  ^aจรวยพร สุภาพ,^eที่ปรึกษา
710 2  ^aมหาวิทยาลัยมหิดล
710 2  ^aมหาวิทยาลัยมหิดล. ^bคณะสาธารณสุขศาสตร์
945    ^p0^l0^i032866
995    ^a เกษร
999    ^aใช้งานได้ทุกระบบ
รายการนี้ยังไม่มีแท็ก
คุณยังไม่ได้ล็อกอิน คุณสามารถมีกิจกรรมร่วมกับเว็บไซต์ได้ แต่ต้องล็อกอินก่อน ::
  ล็อกอิน

รายการสื่อสารสนเทศ

ลำดับที่ ประเภท เลขเรียก/บาร์โค้ด สถานที่ สถานะ
1. วิทยานิพนธ์
วิทยานิพนธ์
วพ.WA546 ส162ป  
  Barcode: 032866
ห้องสมุดวิทยาเขตสวรรค์ประชารักษ์
►วิจัย
บนชั้น

BibComment


ยังไม่เคยถูกคอมเมนท์

คอมเมนท์ทรัพยากรรายการนี้
  คอมเมนท์: ปัจจัยที่มีผลต่อ..


 Copyright 2026. Bcnsprnw @Library